• 首页
  • 本馆介绍
  • 公告通知
  • 最新文献
  • 馆藏检索
  • 电子资源
  • 读者导购
  • 参考咨询
  • 我的图书馆
  • 登录
  • 详细信息显示
  • 放入我的书架
  • 预约/预借图书
  • 作者相关作品
  • 分类相关作品
  • 丛书相关作品
  • 出版社相关作品

书目信息

  • 表格格式
  • 工作单格式
  • 卡片格式
题名:
少年法院的学理论证与方案设计
    
 
作者: 姚建龙 著
分册:  
出版信息: 上海   上海社会科学院出版社  2014
页数: 180页
开本: 23cm
丛书名:
单 册:
中图分类: D926.84
科图分类:
主题词: 青少年犯罪--Qing Shao Nian Fan Zui--司法制度--研究--中国
电子资源:
ISBN: 978-7-5520-0629-2
000 01012nam0 22002411 450
001 350193
005 20161009082923.89
010    @a978-7-5520-0629-2@dCNY38.00
100    @a20141021d2014 em y0chiy50 ea
101 0  @achi
102    @aCN@b310000
105    @ay z 000yy
106    @ar
200 1  @a少年法院的学理论证与方案设计@AShao Nian Fa Yuan De Xue Li Lun Zheng Yu Fang An She Ji@f姚建龙著
210    @a上海@c上海社会科学院出版社@d2014
215    @a180页@d23cm
300    @a上海政法学院学术文库
330    @a本书以我国少年司法制度改革的核心问题——未成年人司法机构为中心,紧扣少年司法制度改革中的热点和焦点,回应当前少年司法制度改革的要求,内容包括近代中国少年法院之梦、少年综合庭试点改革及其影响、创设少年法院论证与少年司法制度的顶层设计、创设少年法院的配套改革等。
606 0  @a青少年犯罪@AQing Shao Nian Fan Zui@x司法制度@x研究@y中国
690    @aD926.84@v5
701  0 @a姚建龙@AYao Jian Long@c(法学博士,@f1977~)@4著
801  0 @aCN@bTANGWEI@c20160803
905    @b0888790-4@dD926.84@e565@f5
    
    少年法院的学理论证与方案设计/姚建龙著.-上海:上海社会科学院出版社,2014
    180页;23cm
    上海政法学院学术文库
    
    ISBN 978-7-5520-0629-2:CNY38.00
    本书以我国少年司法制度改革的核心问题——未成年人司法机构为中心,紧扣少年司法制度改革中的热点和焦点,回应当前少年司法制度改革的要求,内容包括近代中国少年法院之梦、少年综合庭试点改革及其影响、创设少年法院论证与少年司法制度的顶层设计、创设少年法院的配套改革等。
●
相关链接 在E读中查询图书 在五车中查询图书 在当当中查询图书 在豆瓣中查询图书


正题名:少年法院的学理论证与方案设计     索取号:D926.84/565         预约/预借

序号 登录号 条形码 馆藏地/架位号 状态 备注
1 0888790   208887908   第一样本阅览室/ [索取号:D926.84/565] 在馆    
2 0888791   208887917   第一借阅区/ [索取号:D926.84/565] 在馆    
3 0888792   208887926   第一借阅区/ [索取号:D926.84/565] 在馆    
4 0888793   208887935   第一借阅区/ [索取号:D926.84/565] 在馆    
5 0888794   208887944   密集书库-史法系/ [索取号:D926.84/565] 在馆    
唐山师范学院图书馆 欢迎您!
大连网信软件有限公司© 版权所有